000 00588cam a2200181 a 4500
001 2537878
005 20240328060115.0
008 930514s1992 ce b 000 0 eng
040 _aDLC
_cDLC
_dDLC
082 0 0 _a327.
_220
_bPOL.
245 0 0 _aPolitical change after the cold war :
_bproblems of the nation state and international relations in Europe and Asia /
_cUlrich Everding.
260 _aColombo :
_bGoethe-Institut, German Cultural Institute,
_c1992.
300 _aii, 124 p. ;
500 _aCover title.
650 0 _aNation-state.
700 1 _aEverding, Ulrich.
_eedt
942 _cL
999 _c622
_d622